Bedazzled saints : catacomb relics in early modern Bavaria /

Bibliographic Details
Main Author: Litaker, Noria K., 1984- (Author)
Format: eBook
Language:English
Published: Charlottesville : University of Virginia Press, 2023.
Series:Studies in early modern German history
Subjects:
Online Access:Connect to the full text of this electronic book

MARC

Tag First Indicator Second Indicator Subfields
LEADER 00000nam a22000008i 4500
001 in00004770421
006 m o d
007 cr |||||||||||
008 230226s2023 vau ob 001 0 eng
005 20240205142052.3
010 |a  2023003660 
020 |a 9780813949956  |q (ebook) 
020 |a 0813949955 
020 |z 9780813949949  |q (hardcover) 
035 |a (DLC)jstor22573/CATS11226336 
037 |a 22573/cats11226336  |b JSTOR 
040 |a NhCcYBP  |c NhCcYBP 
042 |a pcc 
043 |a e-gx--- 
072 7 |a HIS  |x 010000  |2 bisacsh 
082 0 0 |a 235/.209433  |2 23/eng/20230407 
100 1 |a Litaker, Noria K.,  |d 1984-  |e author. 
245 1 0 |a Bedazzled saints :  |b catacomb relics in early modern Bavaria /  |c Noria K. Litaker. 
263 |a 2310 
264 1 |a Charlottesville :  |b University of Virginia Press,  |c 2023. 
300 |a 1 online resource. 
336 |a text  |b txt  |2 rdacontent 
337 |a computer  |b c  |2 rdamedia 
338 |a online resource  |b cr  |2 rdacarrier 
490 0 |a Studies in early modern German history 
504 |a Includes bibliographical references and index. 
505 0 |a Creating Bavaria Sancta from the ground up -- Some assembly required : building whole-body catacomb saints -- Whole-body saints and Eucharistic doctrine -- Semper eadem : catacomb saints and sacred history -- Welcoming the saints home : translation processions and festivities -- Roman catacomb saints as local residents and patrons -- Epilogue : catacomb saints in the modern era. 
588 |a Description based on print version record and CIP data provided by publisher; resource not viewed. 
610 2 0 |a Catholic Church  |z Germany  |z Bavaria  |x History. 
650 0 |a Relics  |z Germany  |z Bavaria  |x History. 
650 0 |a Christian saints  |x Cult  |z Germany  |z Bavaria. 
650 0 |a Catacombs  |z Germany  |z Bavaria. 
651 0 |a Bavaria (Germany)  |x Religious life and customs. 
655 7 |a Electronic books.  |2 local 
776 1 8 |i Print version:  |a Litaker, Noria K., 1984-  |t Bedazzled saints  |d Charlottesville : University of Virginia Press, 2023  |z 9780813949949  |w (DLC) 2023003659 
856 4 0 |u http://proxy.library.tamu.edu/login?url=https://www.jstor.org/stable/10.2307/jj.11249281  |z Connect to the full text of this electronic book  |t 0 
955 |a JSTOR DDA record 
999 f f |s 49c0f975-161c-476c-9a4b-46c7b4d7402d  |i 6825a3d8-c62e-4a0e-a1a0-b81fed8ac79a  |t 0 
952 f f |a Texas A&M University  |b College Station  |c Electronic Resources  |d Available Online  |t 0  |h Library of Congress classification 
998 f f |t 0  |l Available Online